Statistics for Top 35 Countries in Men's 1500 Meters

Click here to take the quiz!

General Stats

  • This quiz has been taken 30 times
  • The average score is 29 of 35

Answer Stats

NRContinentAnswer% Correct
3:28.81EuropeUnited Kingdom
100%
3:29.02North AmericaUnited States
100%
3:32.28EuropeRussia
96%
3:29.41OceaniaAustralia
93%
3:31.71North AmericaCanada
93%
3:31.58EuropeGermany
93%
3:26.00AfricaMorocco
93%
3:29.66OceaniaNew Zealand
93%
3:29.51AfricaEthiopia
89%
3:28.98EuropeFrance
89%
3:26.34AfricaKenya
89%
3:27.14EuropeNorway
89%
3:28.76EuropeSpain
89%
3:27.37AfricaAlgeria
85%
3:31.25EuropeNetherlands
85%
3:30.42EuropePoland
85%
3:32.00EuropeSweden
85%
3:31.75EuropeSwitzerland
85%
3:31.17EuropeDenmark
81%
3:30.42EuropeIreland
81%
3:31.82AsiaSaudi Arabia
81%
3:31.93AfricaSouth Africa
81%
3:31.30AsiaTurkey
81%
3:30.07EuropePortugal
78%
3:31.04AsiaQatar
74%
3:31.76AfricaSudan
74%
3:32.20AfricaTanzania
74%
3:31.70AfricaTunisia
74%
3:30.58AfricaUganda
74%
3:29.14AsiaBahrain
70%
3:30.33EuropeUkraine
70%
3:32.49EuropeCzech Republic
67%
3:30.55AfricaSomalia
67%
3:29.18AfricaBurundi
63%
3:29.58AfricaDjibouti
63%

Score Distribution

Percentile by Number Answered

Percent of People with Each Score

Your Score History

You have not taken this quiz